Designing organizations : an executive guide to strategy, structure, and process /

Bibliographic Details
Main Author: Galbraith, Jay R.
Format: Book
Language:English
Published: San Francisco : Jossey-Bass, 2002.
Edition:New and rev.
Series:Jossey-Bass business & management series.
Subjects:

MARC

Tag First Indicator Second Indicator Subfields
LEADER 00000pam a22000004a 4500
001 in00001663132
005 20151023125442.0
008 010524s2002 caua b 001 0 eng
010 |a  2001003155 
015 |a GBA2-02168 
020 |a 0787957453 (alk. paper) 
035 |a (OCoLC)ocm47168620 
040 |a DLC  |c DLC  |d C#P  |d UKM  |d TXA  |d UtOrBLW 
042 |a pcc 
049 |a TXAM 
050 0 0 |a HD58.9  |b .G35 2002 
082 0 0 |a 658.4/012  |2 21 
100 1 |a Galbraith, Jay R. 
245 1 0 |a Designing organizations :  |b an executive guide to strategy, structure, and process /  |c Jay R. Galbraith. 
250 |a New and rev. 
264 1 |a San Francisco :  |b Jossey-Bass,  |c 2002. 
300 |a xviii, 197 pages :  |b illustrations ;  |c 24 cm. 
336 |a text  |b txt  |2 rdacontent 
337 |a unmediated  |b n  |2 rdamedia 
338 |a volume  |b nc  |2 rdacarrier 
490 1 |a The Jossey-Bass business & management series 
504 |a Includes bibliographical references (pages 181-182) and index. 
650 0 |a Organizational effectiveness. 
650 0 |a Strategic planning. 
830 0 |a Jossey-Bass business & management series. 
994 |a E0  |b TXA 
948 |a cataloged  |b h  |c 2002/2/20  |d c  |e bwalker  |f 1:04:58 pm 
999 |a MARS 
999 f f |s 8873d2cd-5730-370e-b386-d1a65bbf5d79  |i 3a22c87b-2fcf-37e9-868f-a3e9518b2b96  |t 0 
952 f f |p ric  |a Texas A&M University  |b Rellis Campus  |c Joint Library Facility  |d Remote Storage  |t 0  |e HD58.9 .G35 2002  |h Library of Congress classification  |i unmediated -- volume  |m A14828468465 
998 f f |a HD58.9 .G35 2002  |t 0  |l Remote Storage